Por senderos araucanos: escenas misioneras, emoción, folklore y psicología mapuches
I tiakina i:
| Kaituhi matua: | |
|---|---|
| Hōputu: | Pukapuka |
| Reo: | Pāniora |
| I whakaputaina: |
Buenos Aires
Francisco de Aguirre
1972
|
| Rangatū: | Biblioteca Antártica, 20
|
| Ngā marau: | |
| Ngā Tūtohu: |
Tāpirihia he Tūtohu
Kāore He Tūtohu, Me noho koe te mea tuatahi ki te tūtohu i tēnei pūkete!
|
MARC
| LEADER | 00000cam a2200000 a 4500 | ||
|---|---|---|---|
| 001 | UCL6217 | ||
| 003 | CL-VaPUC | ||
| 008 | 040402e19720000AG |||||||||||||||||spa|d | ||
| 082 | 0 | 4 | |a 983.00498 |b CAM |2 21 |
| 100 | 0 | |a Campos Menchaca, Mariano José |e author |9 483898 | |
| 245 | 1 | 0 | |a Por senderos araucanos: escenas misioneras, emoción, folklore y psicología mapuches |
| 300 | |a 306 p | ||
| 942 | |c BK | ||
| 945 | |d 20040402 00:00:00 |a vberengu | ||
| 260 | |a Buenos Aires |b Francisco de Aguirre |c 1972 | ||
| 600 | 0 | 7 | |a CAMPOS MENCHACA, MARIANO JOSE |2 CL-VaPUC |9 483899 |
| 650 | 0 | |a Mapuches |9 392456 | |
| 650 | 0 | |a Antropología cultural y social |9 265143 | |
| 583 | |a last modification |c 20120914 12:31:13 |k Rodrigo Vera | ||
| 490 | 0 | |a Biblioteca Antártica, 20 | |
| 999 | |c 308396 |d 308394 | ||
| 952 | |0 0 |1 0 |4 0 |6 983_004980000000000_CAM_1972 |7 0 |8 A |9 374909 |a BIBTEO |b BIBTEO |d 2019-11-21 |i 2107708 |o 983.00498 CAM 1972 |p 2107708 |r 2025-01-17 |w 2019-11-21 |y BK |k ICR | ||
| 952 | |0 0 |1 0 |4 0 |6 983_004980000000000_CAM_1972 |7 0 |8 A |9 374910 |a BIBHIS |b BIBHIS |d 2019-11-21 |i 4903455 |o 983.00498 CAM 1972 |p 4903455 |r 2025-01-20 |w 2019-11-21 |y BK |k HIS | ||